European Countries by Dictator - Map Quiz - Statistics

General Stats
  • This quiz has been taken 1,718 times
    1,637 since last reset
  • The average score is 14 of 27
Answers on the Map
Answers color-coded by a green-red scale on the quiz's map according to % correct below.
 
Answer Stats
Answer % Correct
Adolf Hitler
94%
Benito Mussolini
91%
Vladimir Putin
86%
Alexander Lukashenko
83%
Francisco Franco
83%
Oliver Cromwell
79%
Georgios Papadopoulos
78%
Maximilien Robespierre
75%
Leopold II
74%
António de Oliveira Salazar
70%
Nicolae Ceaușescu
69%
Wojciech Jaruzelski
64%
Slobodan Milošević
55%
Miklós Horthy
44%
Vidkun Quisling
43%
Kurt Schuschnigg
42%
Zog I
41%
Ante Pavelić
32%
Kārlis Ulmanis
32%
Alija Izetbegović
30%
Todor Zhivkov
30%
Anton Mussert
27%
Pavlo Skoropadskyi
27%
Konstantin Päts
26%
Jozef Tiso
24%
Kullervo Manner
22%
Antanas Smetona
19%
No matching quizzes found
Score Distribution
Percent of People with Each Score
Percentile by Number Answered
Your Score History
You have not taken this quiz since the last reset